[Event "Astana Chess Day-A"]
[Site "Astana"]
[Date "2024.07.16"]
[Round "5"]
[White "Shariyazdanov, Andrey"]
[Black "Williams, Justus D"]
[Result "1/2-1/2"]
[WhiteElo "2541"]
[BlackElo "2365"]
[PlyCount "26"]
[EventDate "2024.07.13"]
[EventType "tourn"]
[EventRounds "9"]
[EventCountry "KAZ"]
[EventCategory "8"]
[SourceTitle "CBM 221 Extra"]
[Source "ChessBase"]
[SourceDate "2024.09.30"]
[SourceVersion "1"]
[SourceVersionDate "2024.09.30"]
[SourceQuality "1"]

1. d4 d5 2. c4 dxc4 3. e3 e5 4. Bxc4 exd4 5. exd4 Bd6 6. Nf3 Nf6 7. 0-0 0-0 8. Bg5 h6 9. Bh4 Nc6 10. Nc3 Bg4 11. h3 Bxf3 12. Qxf3 Nxd4 13. Qxb7 Rb8 1/2-1/2

[Event "Astana Chess Day-A"]
[Site "Astana"]
[Date "2024.07.15"]
[Round "4"]
[White "Isanzhulov, Arystan"]
[Black "Shariyazdanov, Andrey"]
[Result "1/2-1/2"]
[WhiteElo "2399"]
[BlackElo "2541"]
[PlyCount "28"]
[EventDate "2024.07.13"]
[EventType "tourn"]
[EventRounds "9"]
[EventCountry "KAZ"]
[EventCategory "8"]
[SourceTitle "CBM 221 Extra"]
[Source "ChessBase"]
[SourceDate "2024.09.30"]
[SourceVersion "1"]
[SourceVersionDate "2024.09.30"]
[SourceQuality "1"]

1. e4 c5 2. Nf3 Nc6 3. Nc3 d6 4. g3 g6 5. d4 Bg4 6. d5 Nd4 7. Nxd4 Bxd1 8. Bb5+ Qd7 9. Bxd7+ Kxd7 10. Nde2 Bxe2 11. Kxe2 Bg7 12. a4 Nf6 13. f3 Ne8 14. Ra2 Nc7 1/2-1/2

[Event "Astana Chess Day-A"]
[Site "Astana"]
[Date "2024.07.14"]
[Round "2"]
[White "Shariyazdanov, Andrey"]
[Black "Agmanov, Zhandos"]
[Result "0-1"]
[WhiteElo "2541"]
[BlackElo "2457"]
[PlyCount "58"]
[EventDate "2024.07.13"]
[EventType "tourn"]
[EventRounds "9"]
[EventCountry "KAZ"]
[EventCategory "8"]
[SourceTitle "CBM 221 Extra"]
[Source "ChessBase"]
[SourceDate "2024.09.30"]
[SourceVersion "1"]
[SourceVersionDate "2024.09.30"]
[SourceQuality "1"]

1. c4 Nf6 2. Nc3 e5 3. Nf3 Nc6 4. e4 h6 5. a3 d6 6. d4 Bg4 7. d5 Nd4 8. Be2 Nxe2 9. Qxe2 Be7 10. h3 Bd7 11. c5 0-0 12. 0-0 Nh7 13. Be3 f5 14. cxd6 Bxd6 15. exf5 Bxf5 16. Nd2 Qe8 17. Kh1 Qg6 18. Rfd1 Bc2 19. Rdc1 Nf6 20. Nf3 Bd3 21. Qd1 e4 22. Ne1 Ba6 23. a4 Qf5 24. Qd2 Qe5 25. f4 exf3 26. Nxf3 Qh5 27. Rd1 Rae8 28. Nd4 Ne4 29. Nxe4 Rxe4 0-1

[Event "Ekaterinburg Scerbin Memorial"]
[Site "Ekaterinburg"]
[Date "2023.01.14"]
[Round "5"]
[White "Shariyazdanov, Andrey"]
[Black "Sjugirov, Sanan"]
[Result "1/2-1/2"]
[WhiteElo "2541"]
[BlackElo "2712"]
[PlyCount "96"]
[EventDate "2023.01.14"]
[EventType "swiss (rapid)"]
[EventRounds "11"]
[EventCountry "RUS"]
[SourceTitle "CBM 212 Extra"]
[Source "ChessBase"]
[SourceDate "2023.03.31"]
[SourceVersion "1"]
[SourceVersionDate "2023.03.31"]
[SourceQuality "1"]

1. d4 Nf6 2. c4 e6 3. Nc3 Bb4 4. e3 Bxc3+ 5. bxc3 b6 6. Bd3 Bb7 7. f3 d6 8. Ne2 Nfd7 9. 0-0 Nc6 10. e4 Qe7 11. f4 g6 12. f5 gxf5 13. exf5 0-0-0 14. Ng3 Rdg8 15. Qh5 e5 16. d5 Na5 17. f6 Qe8 18. Bh6 Nc5 19. Be2 Ba6 20. Bg7 Kb8 21. Qh4 Qa4 22. Bh5 Qd7 23. Be2 Qa4 24. Qh5 Qd7 25. Nf5 Bxc4 26. Bxc4 Nxc4 27. Ne7 Qe8 28. a4 Kb7 29. a5 Nxa5 30. Rxa5 bxa5 31. Rb1+ Ka8 32. Nc6 Qd7 33. Bxh8 Rxh8 34. Qe2 Qc8 35. Qb2 a4 36. Qb5 Qb7 37. Qf1 Nb3 38. Qc4 Qb6+ 39. Kh1 Rg8 40. Qxa4 Qf2 41. Rg1 Rxg2 42. Rxg2 Qf1+ 43. Rg1 Qf3+ 44. Rg2 Qd1+ 45. Rg1 Qxd5+ 46. Rg2 Qd1+ 47. Rg1 Qf3+ 48. Rg2 Qf1+ 1/2-1/2

[Event "Cheliabinsk Lozovatsky Memorial-A"]
[Site "Cheliabinsk"]
[Date "2021.01.15"]
[Round "1"]
[White "Borisova, Ekaterina"]
[Black "Shariyazdanov, Andrey"]
[Result "0-1"]
[WhiteElo "2309"]
[BlackElo "2523"]
[PlyCount "86"]
[EventDate "2021.01.15"]
[EventType "swiss"]
[EventRounds "10"]
[EventCountry "RUS"]
[SourceTitle "CBM 200 Extra"]
[Source "ChessBase"]
[SourceDate "2021.03.31"]
[SourceVersion "1"]
[SourceVersionDate "2021.03.31"]
[SourceQuality "1"]

1. d4 e6 2. c4 b6 3. e4 Bb7 4. Bd3 Nc6 5. Nf3 Nb4 6. 0-0 Ne7 7. Nc3 Nxd3 8. Qxd3 Ng6 9. Be3 Be7 10. Nd2 0-0 11. f4 f5 12. e5 d6 13. exd6 Bxd6 14. Rae1 Qh4 15. g3 Qh3 16. Rf2 Rad8 17. Qf1 Qxf1+ 18. Kxf1 Bb4 19. Ncb1 Be7 20. Rfe2 Bf6 21. Nb3 Rf7 22. Bf2 Nf8 23. h4 Rfd7 24. N1d2 h6 25. h5 Kf7 26. Rc1 a5 27. a4 Re7 28. Ree1 g5 29. c5 Bd5 30. Nc4 Nd7 31. Nbd2 Rb8 32. cxb6 Nxb6 33. b3 Nxc4 34. bxc4 Bc6 35. Rb1 Ree8 36. Nb3 Be4 37. Rb2 Rb4 38. Re3 Bxd4 39. Nxd4 Rxb2 40. Nb5 Rd8 41. fxg5 hxg5 42. Nxc7 Rdd2 43. Bg1 Rd1+ 0-1

[Event "Roquetas de Mar op 31st"]
[Site "Roquetas de Mar"]
[Date "2020.01.07"]
[Round "9"]
[White "Pridorozhni, Aleksei"]
[Black "Shariyazdanov, Andrey"]
[Result "1-0"]
[WhiteElo "2601"]
[BlackElo "2519"]
[PlyCount "69"]
[EventDate "2020.01.02"]
[EventType "swiss"]
[EventRounds "9"]
[EventCountry "ESP"]
[SourceTitle "CBM 194 Extra"]
[Source "ChessBase"]
[SourceDate "2020.03.31"]
[SourceVersion "1"]
[SourceVersionDate "2020.03.31"]
[SourceQuality "1"]

1. e4 c5 2. Nc3 Nc6 3. Bb5 Nd4 4. Nf3 Nxb5 5. Nxb5 a6 6. Nc3 d6 7. d4 cxd4 8. Qxd4 Nf6 9. Bg5 e6 10. 0-0-0 Be7 11. Bxf6 gxf6 12. Nh4 Bd7 13. Rhe1 Rc8 14. f4 Rg8 15. f5 Qa5 16. g3 Kf8 17. Kb1 Kg7 18. Ng2 Kh8 19. Ne3 Qc5 20. Qd3 b5 21. Ne2 b4 22. Nd4 a5 23. g4 a4 24. h3 Rc7 25. Ng2 Rgc8 26. Nf4 Qe5 27. Qe3 a3 28. b3 Rc3 29. Nd3 Qa5 30. fxe6 fxe6 31. Rd2 Qb6 32. Nf5 Qd8 33. Nxe7 Qxe7 34. Qd4 e5 35. Qxb4 1-0

[Event "Roquetas de Mar op 31st"]
[Site "Roquetas de Mar"]
[Date "2020.01.05"]
[Round "5"]
[White "Kiselev, Pavel"]
[Black "Shariyazdanov, Andrey"]
[Result "1/2-1/2"]
[WhiteElo "2303"]
[BlackElo "2519"]
[PlyCount "98"]
[EventDate "2020.01.02"]
[EventType "swiss"]
[EventRounds "9"]
[EventCountry "ESP"]
[SourceTitle "CBM 194 Extra"]
[Source "ChessBase"]
[SourceDate "2020.03.31"]
[SourceVersion "1"]
[SourceVersionDate "2020.03.31"]
[SourceQuality "1"]

1. d4 Nf6 2. Nf3 b6 3. c4 Bb7 4. g3 e6 5. Bg2 Bb4+ 6. Nbd2 Be7 7. 0-0 c5 8. d5 exd5 9. Nh4 0-0 10. Nb1 Ne4 11. cxd5 Bxh4 12. Bxe4 Bf6 13. Nc3 d6 14. Bg2 Nd7 15. Ne4 Be7 16. Bf4 Nf6 17. Nc3 Re8 18. Qc2 Bf8 19. Rad1 a6 20. a4 g6 21. h3 Bg7 22. g4 Bc8 23. Qd3 h5 24. g5 Nd7 25. Qg3 Ne5 26. Bc1 b5 27. axb5 axb5 28. Nxb5 Qb6 29. Nc3 Bf5 30. Be4 Bd7 31. Bc2 Qb4 32. Ne4 Bf5 33. Nf6+ Bxf6 34. Bxf5 Bg7 35. Bc2 Nc4 36. b3 Na3 37. Bd3 Qxb3 38. Qxd6 c4 39. Bxa3 Rxa3 40. Qc6 Re5 41. Qxc4 Rxg5+ 42. Kh2 Rxd5 43. Qxb3 Rxb3 44. f4 Rd4 45. Rc1 Rb2 46. Rc8+ Kh7 47. Kg3 Bh6 48. f5 h4+ 49. Kf3 Rf4+ 1/2-1/2

[Event "Roquetas de Mar op 31st"]
[Site "Roquetas de Mar"]
[Date "2020.01.03"]
[Round "3"]
[White "Manu David, Suthandram R"]
[Black "Shariyazdanov, Andrey"]
[Result "1/2-1/2"]
[WhiteElo "2362"]
[BlackElo "2519"]
[PlyCount "60"]
[EventDate "2020.01.02"]
[EventType "swiss"]
[EventRounds "9"]
[EventCountry "ESP"]
[SourceTitle "CBM 194 Extra"]
[Source "ChessBase"]
[SourceDate "2020.03.31"]
[SourceVersion "1"]
[SourceVersionDate "2020.03.31"]
[SourceQuality "1"]

1. e4 c5 2. Nf3 d6 3. c3 Nf6 4. Bc4 Nc6 5. d3 g6 6. 0-0 Bg7 7. Re1 0-0 8. Bb3 b5 9. h3 Nd7 10. d4 Bb7 11. Be3 a5 12. a4 b4 13. Nbd2 bxc3 14. bxc3 Ba6 15. Bc4 cxd4 16. Nxd4 Nce5 17. Bb5 Qc7 18. Qe2 Bb7 19. N4b3 Rfc8 20. Rac1 Nc6 21. c4 Qd8 22. c5 dxc5 23. Nc4 Bd4 24. Red1 Qc7 25. Bxd4 cxd4 26. Qd2 e5 27. Ncxa5 Ndb8 28. Nxb7 Qxb7 29. Rc5 Rd8 30. Rdc1 d3 1/2-1/2

[Event "RUS-chT rapid"]
[Site "Sochi"]
[Date "2019.10.18"]
[Round "2.2"]
[White "Triapishko, Alexandr"]
[Black "Shariyazdanov, Andrey"]
[Result "1/2-1/2"]
[WhiteElo "2514"]
[BlackElo "2519"]
[PlyCount "63"]
[EventDate "2019.10.18"]
[EventType "team-swiss (rapid)"]
[EventRounds "9"]
[EventCountry "RUS"]
[SourceTitle "CBM 192 Extra"]
[Source "Chessbase"]
[SourceDate "2019.11.06"]
[SourceVersion "1"]
[SourceVersionDate "2019.11.06"]
[SourceQuality "1"]
[WhiteTeam "SSHOR Vityaz (Vologda)"]
[BlackTeam "Karpov Center"]
[WhiteTeamCountry "RUS"]
[BlackTeamCountry "RUS"]

1. Nf3 g6 2. e4 Bg7 3. d4 d6 4. c3 Nf6 5. Bd3 Nc6 6. 0-0 0-0 7. Nbd2 e5 8. dxe5 Nxe5 9. Nxe5 dxe5 10. Nc4 Qe7 11. a4 Nh5 12. g3 Bh3 13. Re1 Rfd8 14. Qe2 Nf6 15. f3 Rd7 16. Be3 h5 17. Rad1 h4 18. Qf2 hxg3 19. hxg3 Rad8 20. Be2 Rxd1 21. Rxd1 Bd7 22. b3 b6 23. Bf1 Be6 24. Rxd8+ Qxd8 25. Qd2 Qxd2 26. Nxd2 Nd7 27. b4 f5 28. Bc4 Kf7 29. Bxe6+ Kxe6 30. Kf1 Bf8 31. Ke2 a6 32. Kd3 1/2-1/2

[Event "Voronezh op-A 23rd"]
[Site "Voronezh"]
[Date "2019.06.19"]
[Round "7"]
[White "Shariyazdanov, Andrey"]
[Black "Goganov, Aleksey"]
[Result "1/2-1/2"]
[WhiteElo "2526"]
[BlackElo "2559"]
[PlyCount "102"]
[EventDate "2019.06.12"]
[EventType "swiss"]
[EventRounds "9"]
[EventCountry "RUS"]
[SourceTitle "CBM 191 Extra"]
[Source "ChessBase"]
[SourceDate "2019.09.30"]
[SourceVersion "1"]
[SourceVersionDate "2019.09.30"]
[SourceQuality "1"]

1. d4 d5 2. c4 c6 3. Nf3 Nf6 4. g3 Bf5 5. Nc3 e6 6. Qb3 Qb6 7. c5 Qxb3 8. axb3 Be7 9. b4 0-0 10. Bf4 a6 11. Nd2 Nbd7 12. f3 Bg6 13. e4 h6 14. Be2 Rad8 15. Nb3 dxe4 16. Na5 Nb8 17. 0-0-0 Rd7 18. Nc4 exf3 19. Bxf3 Nd5 20. Nxd5 cxd5 21. Ne5 Rdd8 22. Nxg6 fxg6 23. Bg4 Nc6 24. Rhe1 Nxb4 25. Rxe6 Nc6 26. Rde1 Bf6 27. Bc7 Ra8 28. Rd6 Nxd4 29. Rxd5 a5 30. Re4 Nf5 31. Bf4 a4 32. Rb4 a3 33. bxa3 Rxa3 34. Rxb7 Re8 35. Rb8 Rxb8 36. Bxb8 Ne3 37. Be6+ Kh7 38. Rd7 Rc3+ 39. Kd2 Nf1+ 40. Ke2 Nxh2 41. Bd6 Nf3 42. Bd5 Nd4+ 43. Ke1 Bg5 44. g4 Be3 45. Kf1 Rc2 46. Be4 Rf2+ 47. Ke1 Re2+ 48. Kf1 Rd2 49. Be5 Rf2+ 50. Ke1 Re2+ 51. Kf1 Rf2+ 1/2-1/2

[Event "Voronezh op-A 23rd"]
[Site "Voronezh"]
[Date "2019.06.16"]
[Round "5"]
[White "Shariyazdanov, Andrey"]
[Black "Nikitenko, Mihail"]
[Result "1-0"]
[WhiteElo "2526"]
[BlackElo "2424"]
[PlyCount "57"]
[EventDate "2019.06.12"]
[EventType "swiss"]
[EventRounds "9"]
[EventCountry "RUS"]
[SourceTitle "CBM 191 Extra"]
[Source "ChessBase"]
[SourceDate "2019.09.30"]
[SourceVersion "1"]
[SourceVersionDate "2019.09.30"]
[SourceQuality "1"]

1. d4 d5 2. c4 c6 3. Nf3 Nf6 4. g3 Bf5 5. Nc3 dxc4 6. Ne5 Nd5 7. Bg2 Nxc3 8. bxc3 Qa5 9. 0-0 Nd7 10. Nxd7 Bxd7 11. Rb1 0-0-0 12. d5 Be8 13. dxc6 Bxc6 14. Bxc6 Rxd1 15. Bxb7+ Kd7 16. Rxd1+ Ke6 17. Be3 Kf6 18. Bc6 Qxa2 19. Rb5 e5 20. Rb7 Qxe2 21. Rdd7 Qe1+ 22. Kg2 Qxc3 23. Be4 g6 24. Bd5 e4 25. Bxe4 Ke5 26. Bd5 f6 27. f4+ Kf5 28. Kf3 h5 29. h3 1-0

[Event "Voronezh op-A 23rd"]
[Site "Voronezh"]
[Date "2019.06.12"]
[Round "1"]
[White "Shariyazdanov, Andrey"]
[Black "Khubukshanov, Erdem"]
[Result "1-0"]
[WhiteElo "2526"]
[BlackElo "2260"]
[PlyCount "85"]
[EventDate "2019.06.12"]
[EventType "swiss"]
[EventRounds "9"]
[EventCountry "RUS"]
[SourceTitle "CBM 191 Extra"]
[Source "ChessBase"]
[SourceDate "2019.09.30"]
[SourceVersion "1"]
[SourceVersionDate "2019.09.30"]
[SourceQuality "1"]

1. c4 e6 2. Nf3 d5 3. e3 Nf6 4. b3 b6 5. cxd5 exd5 6. Bb2 Bb7 7. Be2 Nbd7 8. Qc2 Bd6 9. d3 0-0 10. Nbd2 Re8 11. 0-0 c5 12. Rfe1 Qe7 13. Nf1 h6 14. Rad1 Rad8 15. Ng3 Qe6 16. d4 Rc8 17. dxc5 bxc5 18. Bd3 Bxg3 19. hxg3 Ne4 20. Nd2 f5 21. g4 g6 22. gxf5 gxf5 23. f3 Nd6 24. Bf1 Ne5 25. Kf2 Kf7 26. Qc3 Qf6 27. Be2 Qh4+ 28. Kg1 Rg8 29. Bf1 Rge8 30. Qa5 Qg3 31. Bxe5 Rxe5 32. Nc4 Nxc4 33. bxc4 f4 34. exf4 Qxf4 35. cxd5 Rxd5 36. Qxa7 Rc7 37. Qb8 Rxd1 38. Qe8+ Kg7 39. Rxd1 Bc6 40. Qe6 Ba4 41. Rd8 Rf7 42. Bc4 Rf8 43. Qe7+ 1-0

[Event "Nezhmetdinov Memorial rapid 41st"]
[Site "Kazan"]
[Date "2019.05.29"]
[Round "3"]
[White "Chigaev, Maksim"]
[Black "Shariyazdanov, Andrey"]
[Result "1-0"]
[WhiteElo "2637"]
[BlackElo "2526"]
[PlyCount "53"]
[EventDate "2019.05.29"]
[EventType "swiss (rapid)"]
[EventRounds "11"]
[EventCountry "RUS"]
[SourceTitle "CBM 190 Extra"]
[Source "ChessBase"]
[SourceDate "2019.07.15"]
[SourceVersion "1"]
[SourceVersionDate "2019.07.15"]
[SourceQuality "1"]

1. e4 c5 2. Nf3 Nc6 3. Bb5 g6 4. Bxc6 bxc6 5. 0-0 Bg7 6. Re1 Nh6 7. c3 0-0 8. h3 f5 9. e5 Nf7 10. d3 d6 11. Bf4 Rb8 12. b3 Ba6 13. e6 Ne5 14. Nxe5 dxe5 15. Bxe5 Bxe5 16. Rxe5 Qd6 17. d4 Rbd8 18. Qe1 cxd4 19. cxd4 Qxd4 20. Nc3 Rd6 21. Rd1 Qf4 22. Rxd6 exd6 23. Ra5 Bd3 24. Rxa7 Re8 25. Nd5 cxd5 26. Qc3 Qe5 27. Qc7 1-0

[Event "Nezhmetdinov Memorial rapid 41st"]
[Site "Kazan"]
[Date "2019.05.29"]
[Round "6"]
[White "Shariyazdanov, Andrey"]
[Black "Rozum, Ivan"]
[Result "0-1"]
[WhiteElo "2526"]
[BlackElo "2568"]
[PlyCount "88"]
[EventDate "2019.05.29"]
[EventType "swiss (rapid)"]
[EventRounds "11"]
[EventCountry "RUS"]
[SourceTitle "CBM 190 Extra"]
[Source "ChessBase"]
[SourceDate "2019.07.15"]
[SourceVersion "1"]
[SourceVersionDate "2019.07.15"]
[SourceQuality "1"]

1. b3 e5 2. Bb2 Nc6 3. e3 g6 4. Nf3 Bg7 5. c4 d6 6. d4 e4 7. Ng1 Nf6 8. Be2 0-0 9. h4 h5 10. Nc3 Ne7 11. Qc2 d5 12. Ba3 c6 13. cxd5 cxd5 14. Nb5 Ne8 15. Rc1 Bf5 16. Qd2 Bf6 17. g3 a6 18. Nc3 Ng7 19. Kf1 Ne6 20. Kg2 b5 21. Nh3 Qd7 22. Nf4 Nxf4+ 23. exf4 Rfc8 24. Nd1 Rxc1 25. Bxc1 Bg4 26. Bb2 Bxe2 27. Qxe2 Nf5 28. Ne3 Rc8 29. Nxf5 Qxf5 30. a4 bxa4 31. bxa4 Rc4 32. Rc1 Rxa4 33. Rc6 a5 34. Qc2 Rb4 35. Ba3 Rb8 36. Bd6 Ra8 37. Rc7 Bxd4 38. Qc6 Rd8 39. Rb7 Qe6 40. Qa4 e3 41. Qxd4 e2 42. Rb1 Qxd6 43. Re1 Re8 44. f3 Qb4 0-1

[Event "RUS-chT rapid"]
[Site "Sochi"]
[Date "2018.10.09"]
[Round "9.5"]
[White "Shariyazdanov, Andrey"]
[Black "Ponkratov, Pavel"]
[Result "1-0"]
[WhiteElo "2526"]
[BlackElo "2628"]
[PlyCount "93"]
[EventDate "2018.10.08"]
[EventType "team-swiss (rapid)"]
[EventRounds "9"]
[EventCountry "RUS"]
[SourceTitle "CBM 186 Extra"]
[Source "ChessBase"]
[SourceDate "2018.08.24"]
[SourceVersion "1"]
[SourceVersionDate "2018.08.24"]
[SourceQuality "1"]
[WhiteTeam "Belgorod Rakita"]
[BlackTeam "Yuzhnyy Ural"]
[WhiteTeamCountry "RUS"]
[BlackTeamCountry "RUS"]

1. Nf3 c5 2. b3 Nc6 3. Bb2 d6 4. e3 e5 5. d4 cxd4 6. exd4 e4 7. Nfd2 d5 8. Be2 f5 9. 0-0 Nf6 10. c4 Bd6 11. Nc3 Nxd4 12. Nxd5 Nxd5 13. cxd5 Nxe2+ 14. Qxe2 0-0 15. Nc4 Bf4 16. g3 Bg5 17. Rfd1 Bf6 18. Rac1 Bxb2 19. Qxb2 f4 20. d6 Bg4 21. Rd4 Bf3 22. Ne5 fxg3 23. hxg3 e3 24. Qc3 exf2+ 25. Kf1 Bh5 26. d7 Qg5 27. Rd2 Qf5 28. g4 Qg5 29. Qd4 Qh4 30. Qd5+ Kh8 31. gxh5 Qh3+ 32. Qg2 Qxh5 33. Nf3 Rad8 34. Kxf2 Qf5 35. Rcd1 Rf7 36. Rd5 Qe4 37. R1d4 Qc2+ 38. Rd2 Qe4 39. R2d3 h6 40. R5d4 Qf5 41. Rd5 Qe4 42. Qg3 Qe6 43. Qc7 Qf6 44. Rf5 Qxf5 45. Qxd8+ Kh7 46. Qe8 Qc5+ 47. Qe3 1-0

[Event "RUS-chT rapid"]
[Site "Sochi"]
[Date "2018.10.08"]
[Round "3.1"]
[White "Shariyazdanov, Andrey"]
[Black "Kryakvin, Dmitry"]
[Result "1/2-1/2"]
[WhiteElo "2526"]
[BlackElo "2595"]
[PlyCount "26"]
[EventDate "2018.10.08"]
[EventType "team-swiss (rapid)"]
[EventRounds "9"]
[EventCountry "RUS"]
[SourceTitle "CBM 186 Extra"]
[Source "ChessBase"]
[SourceDate "2018.08.24"]
[SourceVersion "1"]
[SourceVersionDate "2018.08.24"]
[SourceQuality "1"]
[WhiteTeam "Belgorod Rakita"]
[BlackTeam "Karpov Chess School"]
[WhiteTeamCountry "RUS"]
[BlackTeamCountry "RUS"]

1. Nf3 Nf6 2. c4 e6 3. Nc3 Bb4 4. Qc2 c5 5. a3 Ba5 6. e3 0-0 7. d4 b6 8. Be2 Bb7 9. 0-0 Bxc3 10. Qxc3 d6 11. b4 Ne4 12. Qc2 Nd7 13. Bb2 f5 1/2-1/2

[Event "Cheliabinsk Kurnosov Memorial rapid"]
[Site "Cheliabinsk"]
[Date "2018.09.07"]
[Round "3"]
[White "Shariyazdanov, Andrey"]
[Black "Bocharov, Dmitry"]
[Result "1/2-1/2"]
[WhiteElo "2526"]
[BlackElo "2562"]
[PlyCount "122"]
[EventDate "2018.09.07"]
[EventType "swiss (rapid)"]
[EventRounds "11"]
[EventCountry "RUS"]
[SourceTitle "CBM 186 Extra"]
[Source "ChessBase"]
[SourceDate "2018.08.24"]
[SourceVersion "1"]
[SourceVersionDate "2018.08.24"]
[SourceQuality "1"]

1. c4 e5 2. Nc3 Bb4 3. Nf3 Bxc3 4. dxc3 d6 5. e4 f5 6. exf5 Bxf5 7. c5 Nf6 8. Qb3 Nbd7 9. cxd6 cxd6 10. Be3 Ng4 11. 0-0-0 Nxe3 12. fxe3 Qc7 13. Bc4 Nc5 14. Qa3 Ke7 15. Rhe1 Rhf8 16. Nd4 Bd7 17. Nb3 Rac8 18. Nxc5 Qxc5 19. Qxc5 Rxc5 20. Bd3 Be6 21. a3 h6 22. Rf1 Rcc8 23. Rxf8 Rxf8 24. Rf1 Rc8 25. Kd2 Rc6 26. g3 a5 27. b4 b6 28. Rb1 Rc7 29. bxa5 bxa5 30. Rb5 Ra7 31. Be4 Bc4 32. Rb7+ Rxb7 33. Bxb7 Kd7 34. Be4 Kc7 35. h4 Kb6 36. Bg6 Kb5 37. Be8+ Kc5 38. Bg6 Be6 39. Bd3 Bd7 40. Be2 Kd5 41. Bd3 Be6 42. c4+ Kc5 43. Kc3 Bg4 44. Bf1 Bf3 45. Bh3 Be2 46. Be6 Bf3 47. Bf7 Be4 48. Be6 Bc6 49. Bf7 Kb6 50. Be6 Kc7 51. Bg4 Be4 52. Be6 Bg6 53. Bd5 Kd7 54. Bg8 Be4 55. Bd5 Bf5 56. Bg8 Kc6 57. Bf7 Be4 58. Be6 Kc5 59. Bf7 g5 60. hxg5 hxg5 61. Be6 Ba8 1/2-1/2

[Event "Nezhmetdinov Memorial 38th"]
[Site "Kazan"]
[Date "2016.06.03"]
[Round "4"]
[White "Shariyazdanov, Andrey"]
[Black "Korovin, Mikhail"]
[Result "1-0"]
[WhiteElo "2527"]
[BlackElo "2240"]
[PlyCount "73"]
[EventDate "2016.05.31"]
[EventType "swiss"]
[EventRounds "9"]
[EventCountry "RUS"]
[SourceTitle "CBM 172 Extra"]
[Source "ChessBase"]
[SourceDate "2016.06.21"]
[SourceVersion "1"]
[SourceVersionDate "2016.06.21"]
[SourceQuality "1"]

1. Nf3 Nf6 2. e3 b6 3. b3 g6 4. Bb2 Bg7 5. d4 Bb7 6. c4 0-0 7. Be2 d5 8. Nbd2 Nbd7 9. 0-0 Rc8 10. b4 c5 11. dxc5 bxc5 12. b5 e6 13. a4 Qc7 14. Qc2 Rfd8 15. Rfd1 h6 16. h3 Ne8 17. Bxg7 Nxg7 18. Nb3 Nf5 19. Rac1 Qb8 20. Na5 Ba8 21. Nc6 Bxc6 22. bxc6 Rxc6 23. cxd5 exd5 24. Rxd5 Nb6 25. Rxd8+ Qxd8 26. Bb5 Rc7 27. Qb2 Nd7 28. Qd2 Qe7 29. e4 Nd6 30. Bxd7 Nxe4 31. Qxh6 Qxd7 32. Qf4 Qc6 33. Ne5 g5 34. Qf5 Qd5 35. Re1 f6 36. Rxe4 fxe5 37. Rxe5 1-0

[Event "Nezhmetdinov Memorial 38th"]
[Site "Kazan"]
[Date "2016.06.01"]
[Round "2"]
[White "Shariyazdanov, Andrey"]
[Black "Nesterov, Arseniy"]
[Result "1/2-1/2"]
[WhiteElo "2527"]
[BlackElo "2273"]
[PlyCount "120"]
[EventDate "2016.05.31"]
[EventType "swiss"]
[EventRounds "9"]
[EventCountry "RUS"]
[SourceTitle "CBM 172 Extra"]
[Source "ChessBase"]
[SourceDate "2016.06.21"]
[SourceVersion "1"]
[SourceVersionDate "2016.06.21"]
[SourceQuality "1"]

1. Nf3 d5 2. e3 Nf6 3. b3 c6 4. Bb2 Bf5 5. d3 e6 6. Nbd2 h6 7. g3 Be7 8. Bg2 0-0 9. 0-0 a5 10. a4 Na6 11. Nd4 Bh7 12. f4 Nc5 13. N2f3 Nfd7 14. g4 Re8 15. Ne2 Bf6 16. Bxf6 Qxf6 17. Ng3 Qe7 18. Qe2 Na6 19. Rf2 Nb4 20. Raf1 b5 21. g5 bxa4 22. bxa4 e5 23. Nxe5 Nxe5 24. fxe5 Qxg5 25. Rxf7 Rxe5 26. R7f4 Qe7 27. e4 dxe4 28. Nxe4 Bxe4 29. Rxe4 Re8 30. Qf2 Rxe4 31. Bxe4 Qe6 32. Qf5 Qxf5 33. Rxf5 Nxc2 34. Rxa5 Nd4 35. Ra7 Rb8 36. a5 Rb5 37. a6 Ra5 38. Rd7 Ne2+ 39. Kf2 Ra2 40. a7 Nc3+ 41. Ke3 Nxe4 42. dxe4 Kh7 43. e5 Ra3+ 44. Kf4 Ra4+ 45. Kf5 Ra5 46. Ke6 c5 47. Kd5 Kg6 48. e6 Ra2 49. e7 Kf7 50. Rd8 Kxe7 51. a8Q Rd2+ 52. Ke5 Rxd8 53. Qf3 c4 54. Qf5 Re8 55. Qf3 c3 56. Qxc3 Kf7+ 57. Kf5 Kg8 58. Kg6 Re6+ 59. Kh5 Rf6 60. Qc8+ Kh7 1/2-1/2

[Event "Nezhmetdinov Memorial rapid 38th"]
[Site "Kazan"]
[Date "2016.05.30"]
[Round "8"]
[White "Pridorozhni, Aleksei"]
[Black "Shariyazdanov, Andrey"]
[Result "1-0"]
[WhiteElo "2552"]
[BlackElo "2527"]
[PlyCount "83"]
[EventDate "2016.05.29"]
[EventType "swiss (rapid)"]
[EventRounds "9"]
[EventCountry "RUS"]
[SourceTitle "CBM 172 Extra"]
[Source "ChessBase"]
[SourceDate "2016.06.21"]
[SourceVersion "1"]
[SourceVersionDate "2016.06.21"]
[SourceQuality "1"]

1. e4 g6 2. d4 Bg7 3. c4 d6 4. Nc3 e5 5. Nge2 Nc6 6. Be3 Nf6 7. d5 Ne7 8. f3 c5 9. Qd2 a6 10. g4 h5 11. g5 Nd7 12. h4 0-0 13. Nc1 Kh7 14. a3 f6 15. Be2 b5 16. cxb5 Nb6 17. b3 axb5 18. Nxb5 Ba6 19. a4 fxg5 20. Bxg5 Bxb5 21. Bxb5 Rxf3 22. Be2 Rf4 23. Qc2 Nd7 24. Nd3 Rxe4 25. Nf2 Rd4 26. Bxh5 e4 27. Be2 Qa5+ 28. Kf1 Nf5 29. Kg2 e3 30. Nd3 Ne5 31. Raf1 Nxd3 32. Bxd3 Rg4+ 33. Kh3 Rg3+ 34. Kh2 Be5 35. Bf4 Qb4 36. Bc4 Rg4 37. Bxe5 dxe5 38. Rxf5 Rxh4+ 39. Kg2 Rxh1 40. Rf7+ Kh8 41. Kxh1 Qe1+ 42. Rf1 1-0

[Event "RUS-chT2"]
[Site "Sochi"]
[Date "2016.05.02"]
[Round "2.1"]
[White "Shariyazdanov, Andrey"]
[Black "Sergeyev, Alexander"]
[Result "1-0"]
[WhiteElo "2527"]
[BlackElo "2388"]
[PlyCount "114"]
[EventDate "2016.05.01"]
[EventType "team-swiss"]
[EventRounds "9"]
[EventCountry "RUS"]
[SourceTitle "CBM 172 Extra"]
[Source "ChessBase"]
[SourceDate "2016.06.21"]
[SourceVersion "1"]
[SourceVersionDate "2016.06.21"]
[SourceQuality "1"]
[WhiteTeam "Yekaterinburg Malachite"]
[BlackTeam "Salekhard Yamal"]
[WhiteTeamCountry "RUS"]
[BlackTeamCountry "RUS"]

1. Nf3 Nf6 2. c4 c6 3. e3 d5 4. Nc3 g6 5. d4 Bg7 6. cxd5 cxd5 7. Bb5+ Nc6 8. Ne5 Qd6 9. f4 0-0 10. 0-0 Bf5 11. g4 Bd7 12. Bd2 Qe6 13. Nxd7 Qxd7 14. h3 a6 15. Bd3 Rfd8 16. Rc1 b5 17. Be1 Qb7 18. Qf3 Rd7 19. g5 Nb4 20. Bb1 Ne8 21. a3 Nc6 22. Nxd5 Nxd4 23. exd4 Rxd5 24. Be4 Rad8 25. Bf2 e6 26. Bxd5 exd5 27. f5 Nd6 28. f6 Bf8 29. Rc2 Ne4 30. h4 b4 31. axb4 Qxb4 32. Ra1 Qb6 33. Rac1 Rb8 34. Be3 a5 35. h5 Qb3 36. hxg6 hxg6 37. Kg2 Re8 38. Re2 Qb5 39. Bf4 a4 40. Rec2 a3 41. bxa3 Qa4 42. Qd3 Qd7 43. Qh3 Qa4 44. Rc8 Nd2 45. Bxd2 Re2+ 46. Kf1 Re1+ 47. Rxe1 Qa6+ 48. Rc4 Qxc4+ 49. Kg2 Qxd4 50. Re2 Qc4 51. Qf3 Bxa3 52. Re8+ Bf8 53. Qe2 Qa4 54. Kg3 d4 55. Qe7 Qb3+ 56. Kh4 Kh7 57. Rxf8 d3 1-0